000 00788nam a2200229 a 4500
001 BRCA_617
005 20190320203103.0
008 021029s2001 sp-#---###---#000-0#spa-d
020 _a8493003026
040 _aDLC
_cDLC
050 4 _aND813.S6
_b.P66 2001
100 1 _aPons-Sorolla, Blanca
_d1863-1923
_92108
245 1 0 _aJoaquín Sorolla
_bvida y obra
_cBlanca Pons-Sorolla.
260 _a[Madrid]
_bFundación de Apoyo a la Historia del Arte Hispánico
_c[2001]
300 _a750 p.
_bil. (algunas a color)
_c31 cm.
500 _aIncluye índice onomástico
504 _aBibliografía: p. 605-703
600 1 4 _aSorolla, Joaquín
_d1863-1923
_vBiografías
_92109
650 1 4 _aPintura moderna
_zEspaña
_92110
650 1 4 _aPintores modernos
_vBiografías
_zEspaña
_92111
942 _2lcc
_cB
999 _c543
_d543